Biblioteca y Centro de Documentación

Estructura y titulaciones de educación superior en España (Registro nro. 46072)

Detalles MARC
000 -CABECERA
Longitud fija campo de control 00884nam a22002897a 4500
001 - NÚMERO DE CONTROL
Número de control 46072
003 - IDENTIFICADOR DE NÚMERO DE CONTROL
Identificador del número de control ES-MaCES
005 - FECHA Y HORA DE LA ÚLTIMA TRANSACCIÓN
Fecha y hora de la última transacción 20150925134801.0
008 - CAMPO FIJO DE DESCRIPCIÓN FIJA--INFORMACIÓN GENERAL
Códigos de información de longitud fija   150701b2005 sp ||||| |||| 00| ||spa d
040 ## - FUENTE DE CATALOGACIÓN
Centro catalogador de origen ES-MaCES
Lengua de catalogación spa
Centro transcriptor ES-MaCES
100 1# - ENCABEZAMIENTO PRINCIPAL--NOMBRE PERSONAL
9 (RLIN) 35816
Nombre de persona Pérez del Blanco, Gilberto
245 10 - MENCIÓN DE TÍTULO
Título Estructura y titulaciones de educación superior en España
Mención de responsabilidad, etc. Gilberto Pérez del Blanco
260 ## - PUBLICACIÓN, DISTRIBUCIÓN, ETC (PIE DE IMPRENTA)
Lugar de publicación, distribución, etc. [S.l.
Nombre del editor, distribuidor, etc. s.n.
Fecha de publicación, distribución, etc. 2005?]
300 ## - DESCRIPCIÓN FÍSICA
Extensión 87 p.
Dimensiones 30 cm
500 ## - NOTA GENERAL
Nota general Tít. tomado de la cub
500 ## - NOTA GENERAL
Nota general Ejemp. fotocopiado
541 ## - NOTA DE LA FUENTE INMEDIANTE DE ADQUISICIÓN
Forma de adquisición Gratuito
650 #4 - ASIENTO SECUNDARIO DE MATERIA--TÉRMINO DE MATERIA
9 (RLIN) 27379
Término de materia o nombre geográfico como elemento inicial enseñanza superior
650 #4 - ASIENTO SECUNDARIO DE MATERIA--TÉRMINO DE MATERIA
9 (RLIN) 27443
Término de materia o nombre geográfico como elemento inicial graduado universitario
650 #4 - ASIENTO SECUNDARIO DE MATERIA--TÉRMINO DE MATERIA
9 (RLIN) 29943
Término de materia o nombre geográfico como elemento inicial equivalencia de certificados
650 #4 - ASIENTO SECUNDARIO DE MATERIA--TÉRMINO DE MATERIA
9 (RLIN) 29894
Término de materia o nombre geográfico como elemento inicial régimen jurídico
650 #4 - ASIENTO SECUNDARIO DE MATERIA--TÉRMINO DE MATERIA
9 (RLIN) 26964
Término de materia o nombre geográfico como elemento inicial España
653 10 - TÉRMINO DE INDEXACIÓN--NO CONTROLADO
Término no controlado Educación
650 #4 - ASIENTO SECUNDARIO DE MATERIA--TÉRMINO DE MATERIA
9 (RLIN) 27434
Término de materia o nombre geográfico como elemento inicial universidad
902 ## - CES. TIPO DE DOCUMENTO
Tipodoc (006$c Sirtex) DOC Literatura gris
942 ## - ELEMENTOS KOHA
Fuente de clasificaión o esquema Clasificación propia del CES
Koha [por defecto] tipo de item Monografías
Parte de clasificación Educación
Existencias
Número de registro Signatura completa Tipo de item de Koha
086003 DOC-4.0.-143 Monografías
© CES, Consejo Económico y Social de España 2021